Reform a bölcsészkaron
Elmentve itt :
| Szerző: | |
|---|---|
| Dokumentumtípus: | Cikk |
| Megjelent: |
1985-02-16
|
| Sorozat: | Délmagyarország
75 No. 39 |
| Kulcsszavak: | Makk Ferenc, József Attila Tudományegyetem |
| Online Access: | http://dmarchiv.bibl.u-szeged.hu/97149 |
| LEADER | 00477nab a2200157 i 4500 | ||
|---|---|---|---|
| 001 | delm97149 | ||
| 005 | 20190913102050.0 | ||
| 008 | 190913s1985 hu o 0|| hun d | ||
| 040 | |a SZTE Délmagyarország Archívum |b hun | ||
| 041 | |a hun | ||
| 100 | 1 | |a Sulyok Erzsébet | |
| 245 | 1 | 0 | |a Reform a bölcsészkaron |h [elektronikus dokumentum] / |c Sulyok Erzsébet |
| 260 | |c 1985-02-16 | ||
| 300 | |a 6 | ||
| 490 | 0 | |a Délmagyarország |v 75 No. 39 | |
| 695 | |a Makk Ferenc, József Attila Tudományegyetem | ||